La anquilostomiasis / (Record no. 122348)

MARC details
000 -LEADER
campo de control de longitud fija 00808nam a2200217 4500
001 - NÚMERO DE CONTROL
campo de control 122348
003 - IDENTIFICADOR DE NÚMERO DE CONTROL
campo de control ES-MaACL
005 - FECHA Y HORA DE LA ÚLTIMA TRANSACCIÓN
campo de control 20230906191947.0
007 - CAMPO FIJO DE DESCRIPCIÓN FÍSICA--INFORMACIÓN GENERAL
campo de control de longitud fija t|
008 - DATOS DE LONGITUD FIJA--INFORMACIÓN GENERAL
campo de control de longitud fija 070214s1956 sp r ||||1| spa d
100 1# - ENTRADA PRINCIPAL--NOMBRE DE PERSONA
Nombre de persona Prieto Lorenzo, Antonio.
9 (RLIN) 93933
245 13 - MENCIÓN DEL TÍTULO
Título La anquilostomiasis /
Mención de responsabilidad, etc. Dr. Antonio Prieto Lorenzo.
260 ## - PUBLICACIÓN, DISTRIBUCIÓN, ETC.
Lugar de publicación, distribución, etc. Madrid :
Nombre del editor, distribuidor, etc. Dirección General de Sanidad,
Fecha de publicación, distribución, etc. 1956.
300 ## - DESCRIPCIÓN FÍSICA
Extensión 57 p., 2 lám. :
Otras características físicas il. ;
Dimensiones 19 cm.
490 1# - MENCIÓN DE SERIE
Mención de serie Colección de folletos para médicos, sobre temas de carácter sanitario ;
Designación de volumen o secuencia 46
650 #4 - PUNTO DE ACCESO ADICIONAL DE MATERIA--TÉRMINO DE MATERIA
Término de materia o nombre geográfico como elemento de entrada Anquilostomiasis.
9 (RLIN) 151034
710 1# - ENTRADA AGREGADA--NOMBRE DE ENTIDAD CORPORATIVA
Nombre de entidad corporativa o nombre de jurisdicción como elemento de entrada España.
Unidad subordinada Dirección General de Sanidad.
9 (RLIN) 3905
830 0# - PUNTO DE ACCESO ADICIONAL DE SERIE-TÍTULO UNIFORME
Título uniforme Colección de folletos para médicos, sobre temas de carácter sanitario ;
Designación de volumen o secuencia 46
9 (RLIN) 186563
852 ## - LOCALIZACIÓN
Ubicación ES-MaACL
Número de control de estantería 1991-F-2
Sublocalización o colección R.38608
Holdings
Estatus retirado Estado de pérdida Estado de daño No para préstamo Colección Biblioteca de origen Biblioteca actual Ubicación en estantería Fecha de adquisición Fuente de adquisición Total de préstamos Signatura topográfica completa Código de barras Visto por última vez Precio de reemplazo Tipo de ítem Koha
        Colección de folletos Biblioteca del Ateneo de Madrid Biblioteca del Ateneo de Madrid Depósito folletos 17/01/2008     1991-F-2 1127492 23/02/2023 23/02/2023 Folleto